000 00857nam a2200289Ia 4500
001 Z_1090
003 CHAP
008 220113s1988 xx 000 0 und d
010 _a164170
040 _cCHAP
090 _aFolleto 251
100 _aLam Romero, Francisco
_964524
245 _aPerfil metabólico: indicadores sanguíneos del metabolismo proteíco y energético /
_cpor Francisco Lam Romero
260 _aLa Habana :
_bInstituto Superior de Ciencias Agropecuarias de la Habana,
_c1988
300 _a46 p
440 _a
500 _a
503 _a
650 _aEnergía metabólica
_936906
650 _aMetabolismo en animales domésticos I. Instituto Superior de Ciencias Agropecuarias de la Habana II. t.
_9138249
901 _aFolleto 251
902 _aA
910 _a1988
942 _cc14
942 _cc14
999 _c164170
_d164170